国語の教科書に載っている物語 - Statistics

General Stats
  • This quiz has been taken 273 times
  • The average score is 6 of 23
Answer Stats
学年 作者 作品名 % Correct
4年 新美南吉 ごんぎつね
76%
2年 レオ=レオニ スイミー
75%
6年 宮沢賢治 やまなし
52%
1年 中川梨枝子 くじらぐも
48%
3年 あまんきみこ ちいちゃんのかげおくり
46%
5年 椋鳩十 大造じいさんとガン
46%
3年 斎藤隆介 モチモチの木
42%
6年 重松清 カレーライス
35%
2年 大塚勇三 スーホの白い馬
24%
1年 西郷竹彦 おおきな かぶ
22%
2年 アーノルド=ローベル お手紙
15%
1年 岸なみ たぬきの糸車
13%
4年 今西祐行 一つの花
13%
2年 工藤直子 ふきのとう
12%
3年 李錦玉 三年とうげ
12%
4年 あまんきみこ 白いぼうし
12%
6年 立松和平 海の命
9%
3年 林原玉枝 きつつきの商売
4%
1年 岡信子 花のみち
3%
5年 杉みき子 わらぐつの中の神様
3%
1年 ハンス=ウイルヘルム ずうっと、ずっと、大すきだよ
2%
1年 羽曽部忠 おむすび ころりん
1%
2年 瀬田貞二 三まいのおふだ
1%
No matching quizzes found
Score Distribution
Percent of People with Each Score
Percentile by Number Answered
Your Score History
You have not taken this quiz